000 00852nam a2200229Ia 4500
005 20250108124836.0
008 008 250107s9999 xx 000 0 hin d
020 _a978-81-955776-5-1
037 _aTB
040 _aCRL
_bhin
_cCRL
041 _ahin
_2hin
084 _aO152:g(Y72) R1
084 _qCRL
100 _aअनुराधा सिंह, अनु.
245 0 _aल्हासा का लहू: निर्वासित तिब्बती कविता का प्रतिरोध
_cअनुराधा सिंह, अनु.
260 _aनई दिल्ली, भारत
_bवाणी प्रकाशन
_c2397
300 _a232पृ0
365 _aINR
_b155
650 _aहिन्दी साहित्य
942 _cTB
_hO152:g(Y72) R1
999 _c1234785
_d1234785